Music Quiz

Random Music or Musical Quiz

Broadway Musical Songs Quiz Stats

 Plays Quiz not verified by Sporcle

Also try: Babelfish Bands
Challenge
Share
Tweet
Embed
Score 0/25 Timer 10:00
0 Plays Today
Song Title Musical % Correct
Circle of LifeLion King
96.6%
All that JazzChicago
94.2%
SandyGrease
89.7%
La Vie BohemeRENT
86.5%
Castle on a CloudLes Miserables
84.8%
Springtime for HitlerThe Producers
83.2%
His Name is LancelotSpamalot
81.5%
I Could Have Danced All NightMy Fair Lady
81.1%
I Can Hear the BellsHairspray
80%
Dancing through LifeWicked
78.7%
Think of MePhantom of the Opera
77.2%
A Dream is a Wish your Heart MakesCinderella
74%
Sunrise, SunsetFiddler on the Roof
73%
Song Title Musical % Correct
What do you Do with a BA in English?Avenue Q
69.8%
Honey HoneyMamma Mia!
68.7%
Kansas CityOklahoma!
62.9%
A Bushel and a PeckGuys and Dolls
61.5%
Green Finch and Linnet BirdSweeney Todd
52.6%
Ya Got TroubleMusic Man
51.3%
Blow, Gabriel, BlowAnything Goes
42.3%
How Lovely to be a WomanBye Bye Birdie
36%
The Doctor is InYou're a Good Man, Charlie Brown
29%
Biggest Blame FoolSeussical
28.5%
Skip to my LouMeet Me in St. Louis
12.5%
Big Ass RockThe Full Monty
12.1%

You're not logged in!

Compare scores with friends on all Sporcle quizzes.
OR
Log In

You Might Also Like...

Show Comments

Extras

Top Quizzes Today


Score Distribution

Your Account Isn't Verified!

In order to create a playlist on Sporcle, you need to verify the email address you used during registration. Go to your Sporcle Settings to finish the process.

Report this User

Report this user for behavior that violates our Community Guidelines.

Details: